|
|
|
|
| LEADER |
00000nam0a2200000 4500 |
| 001 |
674629 |
| 005 |
20241106105449.0 |
| 010 |
|
|
|a 978-5-94178-147-8
|
| 090 |
|
|
|a 674629
|
| 100 |
|
|
|a 20240918d2023 m||y0rusy50 ca
|
| 101 |
0 |
|
|a rus
|
| 102 |
|
|
|a RU
|
| 105 |
|
|
|a a j 001yy
|
| 181 |
|
0 |
|a i
|b e
|
| 182 |
|
0 |
|a n
|
| 183 |
|
0 |
|a nc
|2 RDAcarrier
|
| 200 |
1 |
|
|a Начертательная геометрия
|e учебник
|f Л. А. Найниш
|
| 203 |
|
|
|a Текст
|b визуальный
|c непосредственный
|
| 210 |
|
|
|a Старый Оскол
|c ТНТ
|d 2023
|
| 215 |
|
|
|a 328 с.
|c ил.
|
| 283 |
|
|
|a volume
|2 RDAcarrier
|
| 320 |
|
|
|a Библиографический список: с. 326-327
|
| 330 |
|
|
|a В учебнике изложены базовые геометрические знания для освоения процесса возникновения изображений. Рассмотрены решения различных позиционных и метрических задач. Представлены основные приёмы построения плоских изображений трёхмерных объектов, контуров собственных и падающих теней, развёрток поверхностей. Также даны материалы, позволяющие читателю получить навыки построения аксонометрии и перспективных изображений объектов. Широкий круг рассмотренных в издании разделов позволяет использовать учебник для обучения магистрантов и бакалавров по направлениям подготовки "Архитектура", "Дизайн", "Строительство" и других технических и технологических направлении, может быть полезен аспирантам и всем интересующимся геометрией.
|
| 606 |
|
|
|a Начертательная геометрия
|9 64468
|
| 610 |
1 |
|
|a геометрическое пространство
|
| 610 |
1 |
|
|a линии
|
| 610 |
1 |
|
|a поверхности
|
| 610 |
1 |
|
|a трехмерные объекты
|
| 610 |
1 |
|
|a плоские изображения
|
| 610 |
1 |
|
|a построение
|
| 610 |
1 |
|
|a метод двух изображений
|
| 610 |
1 |
|
|a геометрические элементы
|
| 610 |
1 |
|
|a моделирование
|
| 610 |
1 |
|
|a позиционные задачи
|
| 610 |
1 |
|
|a тени
|
| 610 |
1 |
|
|a контуры
|
| 610 |
1 |
|
|a метрические задачи
|
| 610 |
1 |
|
|a развертки поверхностей
|
| 610 |
1 |
|
|a аксонометрия
|
| 610 |
1 |
|
|a эпюр Монжа
|
| 610 |
1 |
|
|a перспектива
|
| 610 |
1 |
|
|a учебники
|
| 675 |
|
|
|a 514.18(075.8)
|v 4
|
| 700 |
|
1 |
|a Найниш
|b Л. А.
|g Лариса Алексеевна
|
| 801 |
|
0 |
|a RU
|b 63413507
|c 20240919
|
| 942 |
|
|
|c BK
|